书目信息 |
| 题名: |
城市综合交通规划技术标准
|
|
| 作者: | ;上海市城乡建设和交通发展研究院 主编 | |
| 分册: | ||
| 出版信息: | 上海 同济大学出版社 2021.7 |
|
| 页数: | 48页 | |
| 开本: | 14cm | |
| 丛书名: | ||
| 单 册: | ||
| 中图分类: | TU984.191 | |
| 科图分类: | ||
| 主题词: | 城市规划--交通规划--上海--技术标准 | |
| 电子资源: | ||
| ISBN: | 978-7-5608-9132-3 | |
| 000 | 01208nam0 2200229 450 | |
| 001 | 0100028815 | |
| 005 | 20211025120205.0 | |
| 010 | @a978-7-5608-9132-3@dCNY20.00 | |
| 100 | @a20210621d2021 em y0chiy0110 ea | |
| 101 | 0 | @achi |
| 102 | @aCN@b310000 | |
| 105 | @ay z 000yy | |
| 106 | @ar | |
| 200 | 1 | @a城市综合交通规划技术标准@Acheng shi zong he jiao ting gui hua ji shu biao zhun@f上海市城乡建设和交通发展研究院主编 |
| 210 | @a上海@c同济大学出版社@d2021.7 | |
| 215 | @a48页@d14cm | |
| 330 | @a本书作为“上海市工程建设规范”,严格按照《工程建设标准编写规定》,根据上海市建设和交通委员会沪建交[2013]1260号文件的要求,由上海市城乡建设和交通发展研究院会同有关单位编制而成。其主要内容有:总则;术语;综合交通规划;特定区域的交通规划。本书对科学、合理地编制城市交通规划,促进交通与城市用地布局的协调发展,推动上海与长三角区域一体化发展等具有积极的促进作用,适用于本市各类城市规划中城市综合交通规划编制和专项的城市综合交通规划的编制。 | |
| 606 | 0 | @a城市规划@x交通规划@x上海@x技术标准 |
| 690 | @aTU984.191@v5 | |
| 711 | 02 | @a上海市城乡建设和交通发展研究院@Ashang hai shi cheng xiang jian she he jiao ting fa zhan yan jiu yuan@4主编 |
| 801 | 0 | @aCN@c20210909 |
| 905 | @a河南城建学院图书馆@dTU984.191@eS247 | |
| 城市综合交通规划技术标准/上海市城乡建设和交通发展研究院主编.-上海:同济大学出版社,2021.7 |
| 48页;14cm |
| ISBN 978-7-5608-9132-3:CNY20.00 |
| 本书作为“上海市工程建设规范”,严格按照《工程建设标准编写规定》,根据上海市建设和交通委员会沪建交[2013]1260号文件的要求,由上海市城乡建设和交通发展研究院会同有关单位编制而成。其主要内容有:总则;术语;综合交通规划;特定区域的交通规划。本书对科学、合理地编制城市交通规划,促进交通与城市用地布局的协调发展,推动上海与长三角区域一体化发展等具有积极的促进作用,适用于本市各类城市规划中城市综合交通规划编制和专项的城市综合交通规划的编制。 |
| ● |
| 相关链接 |
|
|
|
正题名:城市综合交通规划技术标准
索取号:TU984.191/S247
 
预约/预借
| 序号 | 登录号 | 条形码 | 馆藏地/架位号 | 状态 | 备注 |
| 1 | 1547138 | 215471380 | 建筑库201/201建筑库 94排2列1层/ [索取号:TU984.191/S247] | 在馆 | |
| 2 | 1547139 | 215471399 | 建筑库201/201建筑库 94排2列1层/ [索取号:TU984.191/S247] | 在馆 | |
| 3 | 1547140 | 215471406 | 建筑库201/201建筑库 94排2列1层/ [索取号:TU984.191/S247] | 在馆 |